000 00699nab a2200217 4500
003 BR-BrBNA
005 20250228231058.0
008 250228b bl.||||| |||| 00| 0 por d
040 _aBR-BrBNA
_bpor
072 _aF01 ; E71
_b3307
100 _aStefano, Fabiane
100 _aCaldeira, Zeca
245 _aParaíso das flores
_bAgronegócios
500 _a4 illus.
650 _aFLORICULTURA
650 _aHOLAMBRA
650 _aEXPORTAÇÃO
773 0 _01706
_9347825
_dSão Paulo-SP Editora Três Ltda - E-mail: luizfsa@revistadinheiro.com.br 2004
_o2025-0326
_tDinheiro Rural (Brazil)
_x1807-3700
_gv. 2(11) p. 62-64; (Sep 2005)
_wBR2025000049
942 _cANA
999 _c330213
_d330213